Statistics for County towns of England

Click here to take the quiz!

General Stats

  • This quiz has been taken 64 times
  • The average score is 31 of 47

Answer Stats

CountyCity% Correct
CambridgeshireCambridge
89%
ManchesterManchester
89%
BristolBristol
86%
LeicestershireLeicester
86%
LincolnshireLincoln
86%
MerseysideLiverpool
86%
NottinghamshireNottingham
86%
LondonLondon
84%
OxfordshireOxford
84%
West MidlandsBirmingham
82%
Tyne & WearNewcastle upon Tyne
82%
StaffordshireStafford
82%
BedfordshireBedford
80%
HerefordshireHereford
80%
NorthamptonshireNorthampton
80%
WorcestershireWorcester
80%
CheshireChester
77%
DerbyshireDerby
77%
DurhamDurham
77%
NorfolkNorwich
77%
CornwallTruro
77%
HertfordshireHertford
75%
WarwickshireWarwick
75%
DevonExeter
73%
South YorkshireSheffield
73%
GloucestershireGloucester
70%
LancashireLancaster
68%
SuffolkIpswich
66%
BerkshireReading
66%
HampshireWinchester
61%
SomersetTaunton
57%
EssexChelmsford
55%
KentMaidstone
55%
ShropshireShrewsbury
55%
Isle of WightNewport
52%
RutlandOakham
52%
BuckinghamshireAylesbury
50%
DorsetDorchester
50%
SurreyGuildford
50%
West SussexChichester
43%
CumbriaCarlisle
41%
East SussexLewes
39%
East Riding of YorkshireBeverley
36%
West YorkshireWakefield
36%
North YorkshireNorthallerton
34%
WiltshireTrowbridge
34%
NorthumberlandMorpeth
27%

Score Distribution

Percentile by Number Answered

Percent of People with Each Score

Your Score History

You have not taken this quiz